000 00356nam a2200133Ia 4500
008 151001s9999||||xx |||||||||||||| ||und||
100 _aजयंत पवार
245 _aअधांतर
250 _a1
260 _bपॉप्युलर प्रकाशन मुंबई
260 _c1999
300 _a65
365 _b21
999 _c978355
_d978352